1419 1195 1840 1691 1989 1132 1709 1883 1332 1221 1992 1410 1426 1112 1939 1299 1803 1298 1494 1388 1226 1812 1965 2000 1718 1476 1312 1629 1730 1325 1115 1025 1118 1560 1313 1095 1468 1475 1602 1730 1696 1029 1091 1745 1399 1490 1694 1432 1841 1425 1940 1694 1427 1840 1642 1349 1775 1345 1036 1688 1160 1951 1695 1667 1375 1689 1612 1723 1550 1068 1132 1530 1796 1773 1966 1268 1640 1979 1602 1869 1737 1291 1940 1389 1576 1682 1876 1614 1087 1505 1849 1177 1993 1822 1802 1570 1248 1889 1874 BCNSPRNW ULIB Ver.6.0+V

เปลี่ยนเป็นภาษาไทย

Change to English
 แสดงรายละเอียดบรรณานุกรม
  กลับหน้าหลัก

Brief Record : Get Marc (ISO 2709) : E-mail record : QR code < ปิดหน้าต่าง
LEADER : 00000nam 2200000uu 4500
001    13399108298
003     ULIB
008    110227s2553||||th 000 0 tha d
020    9789749781333
060  4 WY159^bก125ก 2553
100 0  กนกวรรณ ฉันธนะมงคล
110 1  มหาวิทยาลัยหัวเฉียวเฉลิมพระเกียรติ^bคณะพยาบาลศาสตร์
245 00 การพยาบาลทารกแรกเกิด/^cกนกวรรณ ฉันธนะมงคล
250    พิมพ์ครั้งที่ 2
260    สมุทรปราการ:^bโครงการสำนักพิมพ์มหาวิทยาลัยหัวเฉียวเฉลิมพระเกียรติ,^c2553
300    279 หน้า:^bภาพประกอบ
650  7 ทารกแรกเกิด
945    ^p220^l0^i17103
945    ^p220^l0^i17936
945    ^p220^l0^i17937
945    ^p220^l0^i17938
945    ^p220^l0^i17939
945    ^p220^l0^i17940
995     เกษร
999    ^aใช้งานได้ทุกระบบ
รายการนี้ยังไม่มีแท็ก
คุณยังไม่ได้ล็อกอิน คุณสามารถมีกิจกรรมร่วมกับเว็บไซต์ได้ แต่ต้องล็อกอินก่อน ::
  ล็อกอิน

รายการสื่อสารสนเทศ

ลำดับที่ ประเภท เลขเรียก/บาร์โค้ด สถานที่ สถานะ
1. วิทยาศาสตร์การแพทย์ และสุขภาพ
วิทยาศาสตร์การแพทย์ และสุขภาพ
WY159 ก125ก 2553  
  Barcode: 17103
ห้องสมุดวิทยาเขตนครสวรรค์
►ส่วนจัดเก็บหนังสือเก่า นว.
บนชั้น
  ขอยืม
2. วิทยาศาสตร์การแพทย์ และสุขภาพ
วิทยาศาสตร์การแพทย์ และสุขภาพ
WY159 ก125ก 2553 ฉ.2 
  Barcode: 17936
ห้องสมุดวิทยาเขตนครสวรรค์
►ส่วนจัดเก็บหนังสือเก่า นว.
บนชั้น
  ขอยืม
3. วิทยาศาสตร์การแพทย์ และสุขภาพ
วิทยาศาสตร์การแพทย์ และสุขภาพ
WY159 ก125ก 2553 ฉ.3 
  Barcode: 17937
ห้องสมุดวิทยาเขตนครสวรรค์
►ส่วนจัดเก็บหนังสือเก่า นว.
บนชั้น
  ขอยืม
4. วิทยาศาสตร์การแพทย์ และสุขภาพ
วิทยาศาสตร์การแพทย์ และสุขภาพ
WY159 ก125ก 2553 ฉ.4 
  Barcode: 17938
ห้องสมุดวิทยาเขตนครสวรรค์
►ส่วนจัดเก็บหนังสือเก่า นว.
บนชั้น
  ขอยืม
5. วิทยาศาสตร์การแพทย์ และสุขภาพ
วิทยาศาสตร์การแพทย์ และสุขภาพ
WY159 ก125ก 2553 ฉ.5 
  Barcode: 17939
ห้องสมุดวิทยาเขตนครสวรรค์
►ส่วนจัดเก็บหนังสือเก่า นว.
บนชั้น
  ขอยืม

รายการใกล้เคียง
    ผู้แต่ง [กนกวรรณ ฉันธนะมงคล]

    หัวเรื่อง [ทารกแรกเกิด]

BibComment


ยังไม่เคยถูกคอมเมนท์

คอมเมนท์ทรัพยากรรายการนี้
  คอมเมนท์: การพยาบาลทารกแรกเ..


 Copyright 2026. Bcnsprnw @Library